La igualdad liberal
Furkejuvvon:
| Váldodahkki: | |
|---|---|
| Materiálatiipa: | Girji |
| Giella: | eaŋgalasgiella espánnjágiella |
| Almmustuhtton: |
Santiago, Chile
Ediciones LYD
2017
|
| Preanttus: | Primera edición |
| Fáttát: | |
| Fáddágilkorat: |
Lasit fáddágilkoriid
Eai fáddágilkorat, Lasit vuosttaš fáddágilkora!
|
MARC
| LEADER | 00000nam a22000007a 4500 | ||
|---|---|---|---|
| 003 | CL-VaPUC | ||
| 005 | 20210705111434.0 | ||
| 008 | 210527b ||||| |||| 00| 0 eng d | ||
| 999 | |c 433010 |d 433008 | ||
| 020 | |a 9789567183852 | ||
| 040 | |c Pontificia Universidad Católica de Valparaíso | ||
| 041 | 0 | |a spa | |
| 082 | 0 | |2 21 |a 305.56 SAN 2017 | |
| 100 | 1 | |a Santa Cruz, Lucía |e autora |9 861075 | |
| 245 | 1 | 3 | |a La igualdad liberal |
| 250 | |a Primera edición | ||
| 260 | 3 | |a Santiago, Chile |b Ediciones LYD |c 2017 | |
| 300 | |a 244 páginas | ||
| 500 | |a Donación VRA N. Vásquez L. | ||
| 583 | |c 20210527 |k Daniel Castañeda | ||
| 650 | 0 | 0 | |a Desigualdad social |9 349409 |x Desarrollo económico y social |z Chile |
| 650 | 0 | 0 | |a Pobreza |9 258652 |x Problemas sociales |z Chile |
| 942 | |2 ddc |c BK | ||
| 952 | |0 0 |1 0 |2 ddc |4 0 |6 305_560000000000000_SAN_2017 |7 0 |8 A |9 577909 |a BIBHIS |b BIBHIS |d 2021-05-27 |i 5621577 |l 1 |o 305.56 SAN 2017 |p 5621577 |r 2025-04-14 |s 2025-04-07 |t 1 |w 2021-05-27 |y BK |k HIS | ||